LEADER 02327nam 2200421Ia 450 001 996395095003316 005 20210104171336.0 035 $a(CKB)3810000000018294 035 $a(EEBO)2240937707 035 $a(OCoLC)ocn789659983e 035 $a(OCoLC)789659983 035 $a(EXLCZ)993810000000018294 100 $a20120426d1603 uy 0 101 0 $aeng 135 $aurbn||||a|bb| 200 10$aBy the king$b[electronic resource] $eForasmuch as His Maiestie vnderstandeth, that there be diuers ancient and other good and necessary lawes and statues of this his Kingdome of England, which do inflict and impose diuers grieuous corporall and pecunarie paynes and punishments, extending in some cases to sentence of death (the last and greatest punishment,) and in some cases to finall exile and banishment out of their naturall countrey for euer, upon such as vnlawfully hunt or enter into any forest, parke, chase, or warren, to kill or destroy any deere or game with any dogs, nets, gunnes, crossebowes, stonebowes or other instruments, engines .. 210 $aImprinted at London $cby Robert Barker, printer to the Kings most Excellent Maiestie.$danno 1603 215 $a1 sheet ([1] p.) 300 $aTitle from caption and first lines of text. 300 $aAt foot of text: Given at our manour of Greenwich the sixteenth day of May in the first yeere of our reigne of England, France and Ireland, and in the sixe and thirtieth of Scotland. 300 $aLast complete line of text ends: will. 300 $aText printed in black letter. 300 $aRequiring enforcement of ancient game laws. 300 $aReproduction of original in: National Library of Scotland--Crawford Collections. 330 $aeebo-0097 606 $aGame laws$zEngland$vEarly works to 1800 607 $aGreat Britain$xHistory$yJames I, 1603-1625$vSources$vEarly works to 1800 607 $aGreat Britain$xPolitics and government$y1603-1625$vSources$vEarly works to 1800 608 $aProclamations$zEngland$y17th century.$2rbgenr 608 $aBroadsides$zEngland$y17th century.$2rbgenr 615 0$aGame laws 701 $aJames$cKing of England,$f1566-1625.$01001019 801 0$bUMI 801 1$bUMI 906 $aBOOK 912 $a996395095003316 996 $aBy the King$92299281 997 $aUNISA LEADER 03303nam 2200529 450 001 9910826397103321 005 20230730084843.0 010 $a1-63853-456-X 010 $a1-62623-486-8 024 7 $a10.1055/b-006-160186 035 $a(CKB)4940000000159855 035 $a(MiAaPQ)EBC6001750 035 $a10.1055-b-006-160186 035 $a(DE-2912)1579183097226 035 $a(EXLCZ)994940000000159855 100 $a20200229d2020 uy 0 101 0 $aeng 135 $aurcnu|||||||| 181 $ctxt$2rdacontent 182 $cc$2rdamedia 183 $acr$2rdacarrier 200 10$aUltrasound Q&A Review for the Boards /$fby: Dawkins, Adrian 210 1$aNew York, New York :$cThieme,$d[2020] 210 4$dİ2020 215 $a1 online resource (178 pages) 311 $a1-62623-485-X 320 $aIncludes bibliographical references. 327 $aGynecology and first trimester obstetrics / Adrian Dawkins and Nanditha George -- Second trimester obstetrics / Karen Tran-Harding -- Pediatrics / Edward Richer -- Renal / Adrian Dawkins -- Hepatobiliary / Rashmi Nair and Adrian Dawkins -- Musculoskeletal / Paul J. Spicer -- Breast / Paul J. Spicer -- Neck / Adrian Dawkins -- Scrotum / Barbara Pawley and Adrian Dawkins -- Miscellaneous / Scott Stevens, Halemane Garnesh, and Adrian Dawkins -- Physics / Gary Ge and Adrian Dawkins. 330 $a"Ultrasound Q&A Review for the Boards by esteemed radiologist and educator Adrian Dawkins and an impressive array of authors, delivers a robust test prep. Employing a self-evaluation approach, the book presents fundamental and practice-oriented concepts in ultrasound. The overall layout mirrors the ABR board exams, with ultrasound images presented in a clinical framework followed by board-format multiple-choice questions. Chapters are generally organized by organ systems and encompass all major areas. The text starts with two chapters covering the first and second trimesters of pregnancy. Subsequent chapters encompass pediatric, renal, hepatobiliary, musculoskeletal, breast, neck, and scrotal ultrasound. The final two chapters on miscellaneous topics and physics ensure a more comprehensive review"--$cProvided by publisher. 606 $aDiagnostic ultrasonic imaging$vExaminations, questions, etc 608 $aExamination Question 615 0$aDiagnostic ultrasonic imaging 676 $a616.07543076 700 $aGanesh$b Halemane$4aut$4http://id.loc.gov/vocabulary/relators/aut$01668821 702 $aDawkins$b Adrian$4edt$4http://id.loc.gov/vocabulary/relators/edt 702 $aGe$b Gary$4aut$4http://id.loc.gov/vocabulary/relators/aut 702 $aGeorge$b Nanditha$4aut$4http://id.loc.gov/vocabulary/relators/aut 702 $aTran-Harding$b Karen$4aut$4http://id.loc.gov/vocabulary/relators/aut 702 $aNair$b Rashmi$4aut$4http://id.loc.gov/vocabulary/relators/aut 702 $aPawley$b Barbara$4aut$4http://id.loc.gov/vocabulary/relators/aut 702 $aRicher$b Edward$4aut$4http://id.loc.gov/vocabulary/relators/aut 702 $aSpicer$b Paul J$4aut$4http://id.loc.gov/vocabulary/relators/aut 702 $aStevens$b Scott$4aut$4http://id.loc.gov/vocabulary/relators/aut 801 0$bDE-2912 906 $aBOOK 912 $a9910826397103321 997 $aUNINA